Fast food nation
Na minha lista:
| Autor principal: | |
|---|---|
| Formato: | CD |
| Idioma: | English |
| Publicado em: |
New York :
Random House,
2001.
|
| Tags: |
Adicionar Tag
Sem tags, seja o primeiro a adicionar uma tag!
|
| Thư viện lưu trữ: | Thư viện Trường Đại học Đà Lạt |
|---|
| LEADER | 00596nam a2200265 4500 | ||
|---|---|---|---|
| 001 | DLU090064572 | ||
| 005 | ##20081231 | ||
| 040 | # | # | |a DLU |b eng |
| 041 | # | # | |a eng |
| 044 | # | # | |a us |
| 082 | # | # | |a 394.1 |b SC-E |
| 100 | # | # | |a Schlosser, Eric. |
| 245 | # | # | |a Fast food nation |h [Cassette] / |c Eric Schlosser. |
| 260 | # | # | |a New York : |b Random House, |c 2001. |
| 300 | # | # | |a 6 Cassettes |
| 923 | # | # | |a 21/2008 |
| 992 | # | # | |a 0 |
| 994 | # | # | |a DLU |
| 900 | # | # | |a True |
| 911 | # | # | |a Nguyễn Thanh Hương |
| 925 | # | # | |a CD |
| 926 | # | # | |a A |
| 927 | # | # | |a CD |
| 980 | # | # | |a Thư viện Trường Đại học Đà Lạt |